=LDR 00000nam 2200000 4500 =001 INLIS000000000059066 =005 20211022012847 =035 ##$$a 0010-1021000514 =007 ta =008 211022###########################0#ind## =020 ##$$a 978-602-7829-32-9 =082 ##$$a 342.07 =084 ##$$a 342.07 Tja p =245 1#$$a Politik Hukum Pilkada Serentak /$c Tjahjo Kumolo =250 ##$$a Cet.2 =300 ##$$a 260 halaman : $b Ilustrasi ; $c 22 cm =650 #4$$a Pemilihan Umum - Demokrasi =264 ##$$a Bandung :$b Mizan Media utama,$c 2017 =336 ##$$a teks$2 rdacontent =337 ##$$a lain-lain$2 rdamedia =338 ##$$a lain-lain$2 rdacarrier =990 ##$$a 23012301